Color Representation - Statistics

General Stats
  • This quiz has been taken 11 times
  • The average score is 5 of 10
Answer Stats
Hint Answer % Correct
4th of July (3) Blue, Red, White
100%
Christmas (2) Green, Red
100%
Valentine's Day (2) Pink, Red
90%
Halloween (3) Black, Orange, Purple
50%
Mardi Gras (3) Gold, Green, Purple
40%
St. Patrick's Day (3) Green, Orange, White
40%
Thanksgiving (4) Brown, Orange, Red, Yellow
30%
New Year's Day (2) Gold, Silver
20%
MLK Day (3) Black, Green, Red
10%
Washington's Birthday/Legacy (3) Blue, Buff, White
10%
No matching quizzes found
Score Distribution
Percent of People with Each Score
Percentile by Number Answered
Your Score History
You have not taken this quiz